000 00711nam a22002177a 4500
005 20100804121527.0
010 _aENG-98167
020 _a9789350012154
_c140.00
035 _aEN-81700
037 _bDBAD/PUB
082 _a530
100 _aGokulakannan, R.
_95859
245 _aA text book of astro physics /
_cby R. Gokulakannan
260 _aPerambalur
_bMercury Printers & Publishers
_c2009
270 _bPerambalur
_e621212
300 _a251p.
_c20cm (pbk)
500 _aIncludes bibliographical references
650 _aAstro physics
_95860
942 _2ddc
_cEN
_h530
_mGOK
999 _c39167
_d39167